La ley de Lynch en los Estados Unidos (Record no. 154586)

MARC details
000 -LEADER
campo de control de longitud fija 00819nam a2200181 i 4500
001 - NÚMERO DE CONTROL
campo de control 154586
003 - IDENTIFICADOR DE NÚMERO DE CONTROL
campo de control ES-MaACL
005 - FECHA Y HORA DE LA ÚLTIMA TRANSACCIÓN
campo de control 20230906205804.0
008 - DATOS DE LONGITUD FIJA--INFORMACIÓN GENERAL
campo de control de longitud fija 010529s1892 cu |||| | spa d
100 1# - ENTRADA PRINCIPAL--NOMBRE DE PERSONA
Nombre de persona González Lanuza, José Antonio.
9 (RLIN) 58740
245 13 - MENCIÓN DEL TÍTULO
Título La ley de Lynch en los Estados Unidos
Resto del título : disertación leída en la apertura de la Academia de Derecho /
Mención de responsabilidad, etc. por José A. González y Lanuza.
260 ## - PUBLICACIÓN, DISTRIBUCIÓN, ETC.
Lugar de publicación, distribución, etc. Habana :
Nombre del editor, distribuidor, etc. [s.n.],
Fecha de publicación, distribución, etc. 1892 (
Fabricante Imp. y Papelería "La Universal" de Ruiz y hermano)
300 ## - DESCRIPCIÓN FÍSICA
Extensión 104 p. ;
Dimensiones 25 cm.
594 ## - Nota al título y mención de responsabilidad
Nota al título y mención de responsabilidad Precede al tít.: Universidad de La Habana. Facultad de Derecho.
650 #4 - PUNTO DE ACCESO ADICIONAL DE MATERIA--TÉRMINO DE MATERIA
Término de materia o nombre geográfico como elemento de entrada Linchamiento.
9 (RLIN) 143340
710 2# - ENTRADA AGREGADA--NOMBRE DE ENTIDAD CORPORATIVA
Nombre de entidad corporativa o nombre de jurisdicción como elemento de entrada Universidad de La Habana.
Unidad subordinada Facultad de Derecho.
9 (RLIN) 7192
852 ## - LOCALIZACIÓN
Ubicación ES-MaACL
Número de control de estantería T-691-F-11
Nota libre - Enc. hol., conservando cub. original
-- - Enc. en un vol. facticio
Holdings
Estatus retirado Estado de pérdida Estado de daño No para préstamo Colección Biblioteca de origen Biblioteca actual Ubicación en estantería Fecha de adquisición Total de préstamos Signatura topográfica completa Código de barras Visto por última vez Precio de reemplazo Tipo de ítem Koha
        Colección de folletos Biblioteca del Ateneo de Madrid Biblioteca del Ateneo de Madrid Depósito folletos 17/01/2008   T-691-F-11 1161678 23/02/2023 23/02/2023 Folleto